Труды Лорийской зональной станции молочного хозяйства. Вып. 2 (Запись № 13594750)

Подробности
000 -МАРКЕР
контрольное поле 01415nam2a2200241 4500
001 - ИДЕНТИФИКАТОР ЗАПИСИ
контрольное поле rc\2918114
005 - ИДЕНТИФИКАТОР ВЕРСИИ
контрольное поле 20260315054558.0
035 ## - ДРУГИЕ СИСТЕМНЫЕ НОМЕРА
Идентификатор записи (NLR Aleph) 007068417
100 ## - ДАННЫЕ ОБЩЕЙ ОБРАБОТКИ
Данные общей обработки 20110811d1935 u y0rusy50 ca
101 0# - ЯЗЫК РЕСУРСА
Язык текста, звукозаписи и т.д. русский
102 ## - СТРАНА ПУБЛИКАЦИИ ИЛИ ПРОИЗВОДСТВА
Страна публикации Российская Федерация
105 ## - ПОЛЕ КОДИРОВАННЫХ ДАННЫХ: ТЕКСТОВЫЕ МАТЕРИАЛЫ, МОНОГРАФИЧЕСКИЕ
Кодированные данные о монографическом текстовом документе a z |||||
200 0# - ЗАГЛАВИЕ И СВЕДЕНИЯ ОБ ОТВЕТСТВЕННОСТИ
Основное заглавие Вып. 2
Первые сведения об ответственности Закавказск. науч.-исслед. ин-т животноводства. ЗАКНИИЖ
210 ## - ПУБЛИКАЦИЯ, РАСПРОСТРАНЕНИЕ И ДР.
Место издания, распространения и т.д. Тифлис
Имя издателя, распространителя и т. д. Закгиз
Дата издания, распространения и т.д. 1935
215 ## - ФИЗИЧЕСКАЯ ХАРАКТЕРИСТИКА
Специфическое обозначение материала и объем 54 с.
Другие сведения о физической характеристике табл.
320 ## - ПРИМЕЧАНИЯ О НАЛИЧИИ В ДОКУМЕНТЕ БИБЛИОГРАФИИ / УКАЗАТЕЛЯ
Текст примечания Библиогр. в конце отд. статей
461 #0 - УРОВЕНЬ НАБОРА
Встроенное поле 001rc\2918112
-- 2000#$aТруды Лорийской зональной станции молочного хозяйства$eВып. 1-$fНар. ком. зем. ССР Армении. Ин-т реконструкции сельск. хозяйства$vВып. 2
Системный номер (АБИС) связанной записи 6355784
Автор Лорийская зональная станция молочного хозяйства
Место публикации Тифлис
Дата публикации 1933
Первые сведения об ответственности Нар. ком. зем. ССР Армении. Ин-т реконструкции сельск. хозяйства
Имя издателя, распространителя и т.д. Ин-т реконструкции сельского хоз-ва Армении
Сведения, относящиеся к заглавию Вып. 1-
Заглавие Труды Лорийской зональной станции молочного хозяйства
Номер тома Вып. 2
801 #0 - ИСТОЧНИК ЗАПИСИ
Страна Российская Федерация
Организация NLR
Правила каталогизации psbo
801 #1 - ИСТОЧНИК ЗАПИСИ
Страна Российская Федерация
Организация ELAR
Источник данных rusmarc
852 ## - МЕСТОНАХОЖДЕНИЕ И ШИФР ХРАНЕНИЯ
Идентификатор организации NLR
Шифр хранения (Call Number) 34-18/648
942 ## - ДОПОЛНИТЕЛЬНЫЕ ЭЛЕМЕНТЫ ЗАПИСИ (АБИС)
Тип экземпляра АБИС Неопределено
980 ## - КОЛЛЕКЦИЯ
Название коллекции Национальная библиография

Нет доступных экземпляров.